Countries with Most Nobel Laureates by Category with Exceptions - Statistics

General Stats
  • This quiz has been taken 39 times
  • The average score is 27 of 32
Answer Stats
Hint Answer % Correct
Literature 5 Spain
100%
Literature 6 Italy
97%
Chemistry 7 Japan
97%
Medicine 5 Japan
97%
Physics 10 Japan
97%
Chemistry 7 Sweden
97%
Economics 2 Sweden
97%
Literature 9 Sweden
97%
Medicine 9 Sweden
97%
Peace 5 Sweden
97%
Economics 2 Canada
94%
Peace 5 Canada
94%
Physics 6 Canada
94%
Economics 3 Norway
94%
Medicine 6 Australia
91%
Chemistry 7 Israel
89%
Economics 3 Israel
89%
Chemistry 7 Switzerland
89%
Medicine 6 Switzerland
89%
Physics 6 Switzerland
89%
Chemistry 6 Netherlands
83%
Economics 2 Netherlands
83%
Physics 9 Netherlands
83%
Medicine 5 Denmark
80%
Peace 4 Denmark
80%
Literature 4 Poland
80%
Peace 4 Belgium
77%
Literature 4 Ireland
71%
Literature 4 Soviet Union
66%
Physics 7 Soviet Union
66%
Peace 4 South Africa
60%
Peace 4 Northern Ireland
0%
No matching quizzes found
Score Distribution
Percent of People with Each Score
Percentile by Number Answered
Your Score History
You have not taken this quiz